Pitt und Fox, die liebervege der Brüder sintrup (Record no. 81224)

MARC details
000 -LEADER
campo de control de longitud fija 00599nam a2200181 i 4500
001 - NÚMERO DE CONTROL
campo de control 81224
003 - IDENTIFICADOR DE NÚMERO DE CONTROL
campo de control ES-MaACL
007 - CAMPO FIJO DE DESCRIPCIÓN FÍSICA--INFORMACIÓN GENERAL
campo de control de longitud fija t|
008 - DATOS DE LONGITUD FIJA--INFORMACIÓN GENERAL
campo de control de longitud fija 041103s1941 gw ||||1| ger d
100 1# - ENTRADA PRINCIPAL--NOMBRE DE PERSONA
Nombre de persona Huch, Friedrich.
9 (RLIN) 64509
245 10 - MENCIÓN DEL TÍTULO
Título Pitt und Fox, die liebervege der Brüder sintrup
Resto del título : roman /
Mención de responsabilidad, etc. de Friedrich Huch.
260 ## - PUBLICACIÓN, DISTRIBUCIÓN, ETC.
Lugar de publicación, distribución, etc. Leipzig :
Nombre del editor, distribuidor, etc. Verlag Bernhard Tauchnitz,
Fecha de publicación, distribución, etc. 1941 (
Fabricante Oscar Brandstetter)
300 ## - DESCRIPCIÓN FÍSICA
Extensión 281 p. ;
Dimensiones 19 cm.
490 1# - MENCIÓN DE SERIE
Mención de serie Der deutsche tauchnitz ;
Designación de volumen o secuencia B.115
830 0# - PUNTO DE ACCESO ADICIONAL DE SERIE-TÍTULO UNIFORME
Título uniforme Der deutsche tauchnitz ;
Designación de volumen o secuencia B.115
9 (RLIN) 182699
852 ## - LOCALIZACIÓN
Ubicación ES-MaACL
Número de control de estantería G-3547
Sublocalización o colección R.19915
Holdings
Estatus retirado Estado de pérdida Estado de daño No para préstamo Biblioteca de origen Biblioteca actual Ubicación en estantería Fecha de adquisición Fuente de adquisición Total de préstamos Signatura topográfica completa Código de barras Visto por última vez Precio de reemplazo Tipo de ítem Koha
        Biblioteca del Ateneo de Madrid Biblioteca del Ateneo de Madrid Depósito 2 17/01/2008     G-3547 1084911 23/02/2023 23/02/2023 Libro impreso